000 00684nam a2200229 a 4500
008
020 _a0333710053(pbk.)
049 _aMAIN
090 _aRT85
245 1 0 _aEthical issues in nursing and midwifery practice:
_bperspective from europe/
_cedited by[Win Tadd)
260 _aLondon:
_bMacmillan Press,
_c1998.
300 _axvi,263 p.:
_bill. ;
_c21 cm.
504 _aIncludes bibliographical references.
500 _aIncludes index.
650 _aMidwifery.
650 1 _aEthics
_xNursing.
907 _a.b10195695
_b24-04-06
_c13-03-06
003
005 20230120203926.0
040 _cNUST
942 _cBOOKS
_kRT85
999 _c113995
_d113995